000 00542nam a2200193Ia 4500
005 20250423100902.0
008 250422s9999 xx 000 0 und d
020 _a9781119642787
050 _aQA76.9 .A53/
100 _aRoss Anderson.
245 0 _aSecurity engineering : a guide to building dependable distributed systems
250 _a2nd ed.
260 _aIndianapolis
260 _bWILEY
260 _c2020
300 _a1182 p
650 _aComputer security. Electronic data processing--Distributed processing
942 _cBK
999 _c34639
_d34639